00706cam a22002053a 45000010005000000030006000050050017000110080041000280400015000690420007000840500007000911000037000982450158001352600029002935060030003225160020003526530059003728300028004318560041004594838PGUSA20140828083109.0040101s2004||||xxu|||||s|||||000 | eng d aPGUSAbeng adc 4aDH1 aMotley, John Lothrop,d1814-187710aHistory of the United Netherlands from the Death of William the Silent to the Twelve Year's Truce, 1584-85ah[electronic resource] /cJohn Lothrop Motley bProject Gutenberg,c2004 aPublic domain in the USA. aElectronic text aNetherlands -- History -- Eighty Years' War, 1568-1648 0aProject Gutenbergv483840uhttp://www.gutenberg.org/ebooks/4838